Determination of management capacity
Vytváranie metodiky, ktorá by umožnila zhodnotiť dostatočnosť riadiacej kapacity u vedúcich pracovníkov, a to v zavislosti na ich rozpätí riadenia zložitosti koordinačného mechanizmu. K určeniu riadiacej kapacity bude využitá teória informácie, resp. jej časť, ktorá je známa pod označením teória nut...
Enregistré dans:
| Auteur principal: | |
|---|---|
| Autres auteurs: | |
| Format: | Chapitre de livre |
| Langue: | anglais |
| Sujets: | |
| Tags: |
Pas de tags, Soyez le premier à ajouter un tag!
|
MARC
| LEADER | 00000naa$a2200000$$$4500 | ||
|---|---|---|---|
| 001 | 0075021 | ||
| 005 | 20240717104131.1 | ||
| 041 | 0 | |a eng | |
| 044 | |a CZ | ||
| 245 | 1 | 0 | |a Determination of management capacity |c Jan Hron, Tomáš Macák |
| 520 | |a Vytváranie metodiky, ktorá by umožnila zhodnotiť dostatočnosť riadiacej kapacity u vedúcich pracovníkov, a to v zavislosti na ich rozpätí riadenia zložitosti koordinačného mechanizmu. K určeniu riadiacej kapacity bude využitá teória informácie, resp. jej časť, ktorá je známa pod označením teória nutnej variety. | ||
| 610 | 2 | 0 | |a pracovníci vedúci |
| 610 | 2 | 0 | |a pracovníci riadiaci |
| 610 | 2 | 0 | |a riadenie |
| 610 | 2 | 0 | |a zamestnanci |
| 610 | 2 | 0 | |a počet pracovníkov |
| 610 | 2 | 0 | |a teória informácií |
| 100 | 1 | |a Hron, Jan | |
| 700 | 1 | |a Macák, Tomáš | |